The Role of Traditional Authority in a Changing Namibia / (Record no. 962)

MARC details
000 -LEADER
fixed length control field 00562nam a22001697a 4500
005 - DATE AND TIME OF INPUT
control field 20231127072548.0
008 - DATA ELEMENTS--GENERAL INFORMATION
fixed length control field 231127b |||||||| |||| 00| 0 eng d
020 ## - INTERNATIONAL STANDARD BOOK NUMBER
International Standard Book Number 9991673652
041 ## - LANGUAGE CODE
Language code of text English
082 ## - SHELF NUMBER
DDC number 340.5 BRU
100 ## - MAIN AUTHOR
Main author's name Bruhns, P and Hinz MO
Language of a work English
245 ## - TITLE STATEMENT
Title The Role of Traditional Authority in a Changing Namibia /
Statement of responsibility, etc. P Bruhns and MO Hinz
260 ## - PUBLICATION, DISTRIBUTION, ETC.
Place of publication, distribution, etc. Windhoek :
Name of publisher, distributor, etc. Centre for Applied Social Sciences,
Date of publication, distribution, etc. 1996
300 ## - PHYSICAL DESCRIPTION
Other physical details 129 pages ;
Dimensions 30,3 cm.
650 ## - SUBJECT`
Broad subject Legal practice
Own subject terms Law
942 ## - ADDED ENTRY ELEMENTS (KOHA)
Item type Books
942 ## - ADDED ENTRY ELEMENTS (KOHA)
-- ALISON_BN_VRIES
Holdings
Source of classification or shelving scheme Not for loan Collection code Home library Current library Shelving location Date acquired Full call number Barcode Price effective from Koha item type
Dewey Decimal Classification   TEXT BOOKS LAW SOCIETY OF NAMIBIA LIBRARY - WINDHOEK LAW SOCIETY OF NAMIBIA LIBRARY - WINDHOEK Customary law 11/27/2023 340.5 BRU LSN/2003/23 11/27/2023 Books